Atti di Governo, Serie VII:1790

Saved in:
Bibliographic Details
Main Author: Beccaria, Cesare (Author)
Format: Book
Language:Italian
Published: Milán Mediobanca 2005
Series:Edizione Nazionale delle Opere di Cesare Beccaria, 12
Subjects:
Tags: Add Tag
No Tags, Be the first to tag this record!

MARC

LEADER 00000nam a2200000 a 4500
001 UCG6470
003 CL-VaPUC
008 110428e20050000IT |||||||||||||||||ita|d
082 0 4 |a 808.369358  |b BEC  |2 21 
100 0 |a Beccaria, Cesare   |e author  |9 548160 
245 1 0 |a Atti di Governo, Serie VII:1790 
300 |a 675 p 
942 |c BK 
945 |d 20110428 00:00:00  |a cmena 
260 |a Milán  |b Mediobanca  |c 2005 
500 |a Incluye glosario 
600 0 7 |a BECCARIA, CESARE BONESANA, MARQUES DE  |2 CL-VaPUC  |9 515532 
650 0 |a Correspondencia  |9 258963 
650 0 |a Política  |9 255312 
583 |a last modification  |c 20110428 00:00:00  |k Rodrigo Vera 
490 0 |a Edizione Nazionale delle Opere di Cesare Beccaria, 12 
999 |c 344693  |d 344691 
952 |0 0  |1 0  |4 0  |6 808_369358000000000_BEC_2005  |7 0  |8 DER_HIS  |9 442828  |a BIBDER  |b BIBDER  |d 2019-11-22  |i 4769511  |l 1  |o 808.369358 BEC 2005  |p 4769511  |r 2023-01-25  |s 2020-03-17  |w 2019-11-22  |x Ubicación 4to Piso  |y BK  |z Estos recursos deben solicitarse con anticipación  |k DER